<?xml version="1.0" encoding="UTF-8"?>
<record
    xmlns:xsi="http://www.w3.org/2001/XMLSchema-instance"
    xsi:schemaLocation="http://www.loc.gov/MARC21/slim http://www.loc.gov/standards/marcxml/schema/MARC21slim.xsd"
    xmlns="http://www.loc.gov/MARC21/slim">

  <leader>01078nam a22002537a 4500</leader>
  <controlfield tag="005">20170124103115.0</controlfield>
  <datafield tag="010" ind1=" " ind2=" ">
    <subfield code="a">A-764029</subfield>
  </datafield>
  <datafield tag="020" ind1=" " ind2=" ">
    <subfield code="c">125.00</subfield>
  </datafield>
  <datafield tag="035" ind1=" " ind2=" ">
    <subfield code="a">A-764029</subfield>
  </datafield>
  <datafield tag="037" ind1=" " ind2=" ">
    <subfield code="b">Cen Lib/Ret</subfield>
  </datafield>
  <datafield tag="040" ind1=" " ind2=" ">
    <subfield code="a">DPL</subfield>
    <subfield code="b">HN</subfield>
  </datafield>
  <datafield tag="082" ind1=" " ind2=" ">
    <subfield code="a">302.234</subfield>
    <subfield code="b">&#x92A;&#x91A;&#x94C;&#x930;&#x940; </subfield>
  </datafield>
  <datafield tag="100" ind1=" " ind2=" ">
    <subfield code="a">&#x92A;&#x91A;&#x94C;&#x930;&#x940;, &#x938;&#x941;&#x927;&#x940;&#x936; </subfield>
    <subfield code="9">80736</subfield>
  </datafield>
  <datafield tag="245" ind1=" " ind2=" ">
    <subfield code="a">&#x926;&#x942;&#x930;&#x926;&#x930;&#x94D;&#x936;&#x928; :</subfield>
    <subfield code="c">&#x938;&#x941;&#x927;&#x940;&#x936; &#x92A;&#x91A;&#x94C;&#x930;&#x940;</subfield>
    <subfield code="b">&#x935;&#x93F;&#x915;&#x93E;&#x938; &#x938;&#x947; &#x92C;&#x93E;&#x91C;&#x93C;&#x93E;&#x930; &#x924;&#x915; /</subfield>
  </datafield>
  <datafield tag="246" ind1=" " ind2=" ">
    <subfield code="a">Doordarshan : vikas se bazar tak /</subfield>
    <subfield code="b">by Sudheesh Pachauri </subfield>
  </datafield>
  <datafield tag="260" ind1=" " ind2=" ">
    <subfield code="a">&#x928;&#x908; &#x926;&#x93F;&#x932;&#x94D;&#x932;&#x940;</subfield>
    <subfield code="b">&#x92A;&#x94D;&#x930;&#x935;&#x940;&#x923; &#x92A;&#x94D;&#x930;&#x915;&#x93E;&#x936;&#x928;</subfield>
    <subfield code="c">1996</subfield>
  </datafield>
  <datafield tag="270" ind1=" " ind2=" ">
    <subfield code="b">&#x928;&#x908; &#x926;&#x93F;&#x932;&#x94D;&#x932;&#x940;</subfield>
    <subfield code="e">110030</subfield>
    <subfield code="a">1/1079-&#x908;, &#x92E;&#x939;&#x930;&#x94C;&#x932;&#x940; </subfield>
  </datafield>
  <datafield tag="300" ind1=" " ind2=" ">
    <subfield code="a">144&#x92A;&#x943;. </subfield>
    <subfield code="c">20&#x938;&#x947;&#x92E;&#x940;(&#x938;&#x91C;&#x93F;&#x932;&#x94D;&#x926;)</subfield>
  </datafield>
  <datafield tag="650" ind1=" " ind2=" ">
    <subfield code="a">&#x926;&#x942;&#x930;&#x926;&#x930;&#x94D;&#x936;&#x928; -- &#x92E;&#x94C;&#x91C;&#x942;&#x926;&#x93E; &#x922;&#x93E;&#x902;&#x91A;&#x93E; </subfield>
    <subfield code="9">43394</subfield>
  </datafield>
  <datafield tag="650" ind1=" " ind2=" ">
    <subfield code="a">&#x926;&#x942;&#x930;&#x926;&#x930;&#x94D;&#x936;&#x928; -- &#x935;&#x93F;&#x915;&#x93E;&#x938; </subfield>
    <subfield code="9">1291</subfield>
  </datafield>
  <datafield tag="650" ind1=" " ind2=" ">
    <subfield code="a">Television - existing framework</subfield>
    <subfield code="9">80737</subfield>
  </datafield>
  <datafield tag="650" ind1=" " ind2=" ">
    <subfield code="a">Television - Development</subfield>
    <subfield code="9">80738</subfield>
  </datafield>
  <datafield tag="942" ind1=" " ind2=" ">
    <subfield code="2">ddc</subfield>
    <subfield code="c">HN</subfield>
    <subfield code="h">302.234</subfield>
    <subfield code="m">&#x92A;&#x91A;&#x94C;&#x930;&#x940; </subfield>
  </datafield>
  <datafield tag="999" ind1=" " ind2=" ">
    <subfield code="c">118535</subfield>
    <subfield code="d">118535</subfield>
  </datafield>
  <datafield tag="952" ind1=" " ind2=" ">
    <subfield code="0">0</subfield>
    <subfield code="1">0</subfield>
    <subfield code="4">0</subfield>
    <subfield code="7">0</subfield>
    <subfield code="a">L</subfield>
    <subfield code="b">L</subfield>
    <subfield code="d">2015-09-11</subfield>
    <subfield code="e">Cen Lib/Ret</subfield>
    <subfield code="g">125.00</subfield>
    <subfield code="l">0</subfield>
    <subfield code="o">302.234 &#x92A;&#x91A;&#x94C;&#x930;&#x940;</subfield>
    <subfield code="p">A-764029</subfield>
    <subfield code="r">2015-09-11 00:00:00</subfield>
    <subfield code="t">1</subfield>
    <subfield code="v">125.00</subfield>
    <subfield code="w">2015-09-11</subfield>
    <subfield code="y">HN</subfield>
  </datafield>
</record>
